000 00799nac a22002531u 4500
020 _a8171413501
082 _a615.902
090 _c5577
_d5577
100 _a20080729
245 _aEnvironmental toxicology /
_cMJ. Satake [et al...]
260 _aNew Delhi:
_bDiscovery Pub.,2003
_c2003
300 _a278p.;
_b20 cm.
500 _adistributer: AL-Ahram
511 _acatalogued by: wessam
650 _aenvironmental toxicology
650 _aEnvironmental chemistry
700 _aYasuhisa H.
700 _aSethi, M. S.
700 _aMido Y.
700 _aTaguchi S.
700 _aIqbal S. A.
942 _cBB
_k615.902
999 _c5577
_d5577